| 000 | 00537nam a2200169Ia 4500 | ||
|---|---|---|---|
| 003 | GCL | ||
| 008 | 140319s9999 xx 000 0 ara d | ||
| 040 |
_aGCL / _cGCL |
||
| 082 | 0 | 4 |
_a812.008 _bم م |
| 100 | 1 | _aممدوح عدوان | |
| 245 | 1 | 0 |
_aمسرحية محاكمة الرجل الذى لم يحارب (هدية من الاديب عبدالفتاح الجمل) / _cممدوح عدوان |
| 300 | _a128ص | ||
| 490 | _a | ||
| 650 | 0 | 4 | _aالادب العربى |
| 650 | 0 | 4 | _aالمسرحيات العربية |
| 942 |
_2ddc _cBK |
||
| 999 |
_c38265 _d38265 |
||